| 000 | 01344cam a2200205 4500 | ||
|---|---|---|---|
| 001 | WB4025-20 | ||
| 008 | 040630n2004 000 0 eng u | ||
| 035 | _a(Sirsi) u126645 | ||
| 245 | _aBrooke review approved | ||
| 260 | _c2004 | ||
| 490 |
_aRICS News Service _v29 June 2004 (2) |
||
| 520 | _aRICS Governing Council has approved the Brooke Review in principle at its 28-29 June 2004 meeting. Further discussion on the detail is needed but implementation plans for the 43 separate Brooke recommendations can begin. The RICS estates strategy was also moved forward following the presentation of consultants Drivers Jonas comprehensive review of the four RICS headquarters buildings. Governing Council decided to explore an option separating 11 and 12 Great George Street, selling or leasing number 11 and completely refurbishing number 12, thus maintaining RICS Westminster presence. Cadogan Gate's lease is to be sold and the Coventry premises updated. The Brooke Review is available at http://www.rics.org/about_us/about_rics/brooke_rev iew.html. http://www.rics.org/ricscms/bin/show?class=News&te mplate=/includes/shownews.html&id=9317&faculty=RIC S | ||
| 590 | _aWB | ||
| 590 | _aWB | ||
| 650 | _aRICS GOVERNING COUNCIL | ||
| 650 | _aRICS BROOKE REVIEW | ||
| 650 | _aRICS ESTATES STRATEGY | ||
| 690 | _aRICS NEWS | ||
| 942 | _n0 | ||
| 999 |
_c117617 _d117617 |
||